000 00618nam a2200157 a 4500
001 000042672
005 20201002040321.0
008 140204s2013 dr ac 000 0 spa d
020 _a9789945008982
245 1 0 _aHomenaje a Pedro Mir :
_bI centenario de su natalicio 1913-2013 /
_ccompilador editor Ramón Perdomo.
260 _aSan Pedro de Macorís, República Dominicana :
_bMinisterio de Salud Pública,
_c2013.
300 _a89 p. :
_bil., retrs. ;
_c22 cm.
500 _aEscritores invitados Joel Rivera, Petronila Angélina Gómez, Hugo Mir Ramírez
700 1 _aPerdomo, Ramón
_eed.
_917744
999 _c42161
_d42161
040 _aDO-SdBNP